00526nam a2200193Ia 4500003000400000005001700004008004100021020001800062040002900080050002200109100001900131245004400150250000900194260002900203300004800232650001600280700001900296700001700315OSt20230315180336.0221021s9999||||xx |||||||||||||| ||und|| a9780324259940 cChuka University Library aHD 31 b.H45 2005 aHellriegel,Don 0aManagement:A competency based approach/ a10th aBoulerandbThomsonc2005 a524 P.bIncludes References And index Pages amanagement  aJaction, S. E. aSiocum, J.W.